Biện pháp phát triển đội ngũ giảng viên của Trường đại học kiến trúc Đà Nẵng trong giai đoạn hiện nay.
Cơ sở lý luận về phát triển đội ngũ giảng viên trong các trường đại học ngành kiến trúc ...Thực trạng phát triển đội ngũ giảng viên của Trường đại học kiến trúc Đà Nẵng...Biện pháp phát triển đội ngũ giảng viên của hiệu trưởng Trường đại học kiến trúc Đà Nẵng trong giai đoạn hiện nay......
Gorde:
| Egile nagusia: | |
|---|---|
| Beste egile batzuk: | |
| Formatua: | Liburua |
| Hizkuntza: | Vietnamese |
| Argitaratua: |
Đà Nẵng
Đại học Đà Nẵng
2009
|
| Gaiak: | |
| Etiketak: |
Etiketa erantsi
Etiketarik gabe, Izan zaitez lehena erregistro honi etiketa jartzen!
|
| Thư viện lưu trữ: | Mạng thư viện Đại học Đà Nẵng |
|---|
| LEADER | 01795nam a2200325 4500 | ||
|---|---|---|---|
| 001 | 000010827 | ||
| 003 | 7047 | ||
| 005 | 20111222101219.0 | ||
| 008 | 111222s2009 viesd | ||
| 041 | |a vie | ||
| 072 | |a Luận văn thạc sĩ giáo dục học | ||
| 082 | |a 378.111 |b NG-A | ||
| 100 | 1 | |a Nguyễn Thị Phương Anh | |
| 245 | 1 | |a Biện pháp phát triển đội ngũ giảng viên của Trường đại học kiến trúc Đà Nẵng trong giai đoạn hiện nay. |c Nguyễn Thị Phương Anh | |
| 260 | |a Đà Nẵng |b Đại học Đà Nẵng |c 2009 | ||
| 300 | |a 97 tr |c 29 cm |e Bản tóm tắt | ||
| 500 | |a Luận văn thạc sĩ giáo dục học: Chuyên ngành:Quản lý giáo dục. Mã số: 60.14.05 | ||
| 520 | |a Cơ sở lý luận về phát triển đội ngũ giảng viên trong các trường đại học ngành kiến trúc ...Thực trạng phát triển đội ngũ giảng viên của Trường đại học kiến trúc Đà Nẵng...Biện pháp phát triển đội ngũ giảng viên của hiệu trưởng Trường đại học kiến trúc Đà Nẵng trong giai đoạn hiện nay... | ||
| 653 | |a Biện pháp phát triển |a Trường Đại học kiến trúc Đà Nẵng |a đội ngũ giảng viên | ||
| 700 | |a Nguyễn Thị Mỹ Lộc |c hướng dẫn |e PGS.TS | ||
| OWN | |a LSP | ||
| AVA | |a UDN50 |b LSP |d 378.111 NG-A |e available |t Error 5001 Not defined in file expand_doc_bib_avail. |f 1 |g 0 |h N |i 0 |k 1 | ||
| 999 | |a From the UDN01 | ||
| AVA | |a UDN50 |b LSP |d 378.111 NG-A |e available |t Error 5001 Not defined in file expand_doc_bib_avail. |f 1 |g 0 |h N |i 0 |k 1 | ||
| TYP | |a Monograph | ||
| TYP | |a Printed language | ||
| 980 | |a Mạng thư viện Đại học Đà Nẵng | ||